000 01103cad a22002535a 4500
001 E149465
008 100308s2010 xxko f 000 0 eng d
020 _a9781848060913
035 _a(Sirsi) u149465
041 0 _aeng
100 1 _aGaze, Christopher
245 0 4 _aThe Code for Sustainable Homes simply explained
_brevised January 2010
_h[electronic resource]
260 _aAmersham
_bNHBC Foundation
_c2010
490 0 _aNF
_v15
520 _aOffers advice to builders and designers on the Code for Sustainable Homes, and draws on the results of Code assessments to suggest ways in which the requirements can be implemented in the most cost-effective and practical way.
521 2 _aAdvanced
651 4 _aUnited Kingdom
_y
690 _aENVIRONMENTAL AND LAND CONSULTANCY-SUSTAINABILITY
700 1 _aWalker, Andrew F.
700 1 _aHodgson, Gavin
700 1 _aPriaulx, Mike
856 4 0 _uhttps://www.nhbcfoundation.org/Portals/0/NF15%20The%20Code%20for%20Sustainable%20Homes%20simply%20explained.pdf
_zView the report free of charge (PDF file) at www.nhbcfoundation.org
942 _n0
999 _c110510
_d110510